| 000 | 00347nam a2200157Ia 4500 | ||
|---|---|---|---|
| 008 | 230312s9999||||xx |||||||||||||| ||und|| | ||
| 020 | _a0-671-00368-2 | ||
| 082 |
_a920 _bGRA-F |
||
| 100 | _aJeffersson Graham | ||
| 245 | 0 | _aFrasier | |
| 260 |
_bPocket Books _aUSA _c1996 |
||
| 300 | _a276 | ||
| 546 | _aEng. | ||
| 650 | _aEngineering | ||
| 942 | _cBK | ||
| 999 |
_c172 _d172 |
||